Faculty of Law Library — Cairo University

Official Online Catalog

A Collection Of Questions Of The Final Examinations = مجموعة الامتحانات النهائية : (Record no. 74362)

MARC details
000 -LEADER
fixed length control field 01504nam a2200325 i 4500
003 - CONTROL NUMBER IDENTIFIER
control field EG-GICUC
005 - DATE AND TIME OF LATEST TRANSACTION
control field 20260430061740.0
008 - FIXED-LENGTH DATA ELEMENTS--GENERAL INFORMATION
fixed length control field 260430s1925 ua ||||fr|||| 00| 0 eng d
040 ## - CATALOGING SOURCE
Original cataloging agency EG-GiCUC
Language of cataloging eng
Transcribing agency EG-GiCUC
Modifying agency EG-GiCUC
Description conventions rda
041 #1 - LANGUAGE CODE
Language code of text/sound track or separate title dan
082 04 - DEWEY DECIMAL CLASSIFICATION NUMBER
Edition number 21
Classification number 343
Item number CO
092 04 - LOCALLY ASSIGNED DEWEY CALL NUMBER (OCLC)
Edition number 21
099 ## - LOCAL FREE-TEXT CALL NUMBER (OCLC)
Classification number Law1 10 343 CO 2 ed - 1925
245 02 - TITLE STATEMENT
Title A Collection Of Questions Of The Final Examinations = مجموعة الامتحانات النهائية :
Remainder of title The Royal School Of Law Including The Licence Examinations From 1906 To March 1925 Inclusive = المدرسة الحقوق الملكية من سنة ١٩٠٦ لغاية امتحان مارس سنة ١٩٢٥ .
Number of part/section of a work Part IV The Licence /
Statement of responsibility, etc. Collected & Arranged By Ahmed Omar & Ali Abel Aziz.
246 #5 - VARYING FORM OF TITLE
Title proper/short title مجموعة الامتحانات النهائية المدرسة الحقوق الملكية :
Remainder of title من سنة ١٩٠٦ لغاية امتحان مارس سنة ١٩٢٥ السنة الأولى.
250 ## - EDITION STATEMENT
Edition statement 2nd Edition,
264 #1 - PRODUCTION, PUBLICATION, DISTRIBUTION, MANUFACTURE, AND COPYRIGHT NOTICE
Place of production, publication, distribution, manufacture Le Catre :
Name of producer, publisher, distributor, manufacturer Impr Al-eatemala,
Date of production, publication, distribution, manufacture, or copyright notice 1925.
300 ## - PHYSICAL DESCRIPTION
Extent 128 pages,
Dimensions 24 cm
336 ## - CONTENT TYPE
Source rda content
Content type term text
337 ## - MEDIA TYPE
Source rda media
Media type term Computer
338 ## - CARRIER TYPE
Source rda carrier
Carrier type term Online Resource
546 ## - LANGUAGE NOTE
Language note Parallel text in Arabic and English
650 14 - SUBJECT ADDED ENTRY--TOPICAL TERM
Topical term or geographic name entry element القانون الجنائي
650 14 - SUBJECT ADDED ENTRY--TOPICAL TERM
Topical term or geographic name entry element Criminal law
700 0# - ADDED ENTRY--PERSONAL NAME
Personal name Ahmed Omar
Relator term Compiler.
700 0# - ADDED ENTRY--PERSONAL NAME
Personal name Ali Abel Aziz
Relator term Compiler.
856 40 - ELECTRONIC LOCATION AND ACCESS
Uniform Resource Identifier <a href="https://fll.law.cu.edu.eg/fulltext/bks/B10-11067.pdf">https://fll.law.cu.edu.eg/fulltext/bks/B10-11067.pdf</a>
905 ## - Cataloger and Reviser Names
Cataloger Name: Basma Mohamed
942 ## - ADDED ENTRY ELEMENTS (KOHA)
Source of classification or shelving scheme Dewey Decimal Classification
Koha item type Books
Edition 21
Suppress in OPAC No
Holdings
Withdrawn status Lost status Source of classification or shelving scheme Damaged status Not for loan Collection Home library Current library Date acquired Total checkouts Full call number Barcode Date last seen Copy number Price effective from Koha item type
    Dewey Decimal Classification   Not for loan القانون الجنائي جــــامعة القــاهرة مكتبة كلية الحقوق - المبنى الرئيسي 30.04.2026   Law1 10 343 CO 2 ed - 1925 1011067 V4, C1 B10-11067 30.04.2026 1 30.04.2026 Books

© All rights reserved — Faculty of Law, Cairo University